UK Double Letter Cities/Towns by Population Quiz Stats

Quiz not verified by Sporcle

Challenge
Share
Tweet
Embed
Score 0/14 Timer 06:00
0 Plays Today
Letter City/Town % Correct
EELeeds
87.1%
OOLiverpool
87.1%
FFSheffield
81.2%
TTNottingham
65.3%
LLHull
62.4%
DDMiddlesbrough
44.6%
CCMacclesfield
34.7%
Letter City/Town % Correct
ZZLeighton Buzzard
33.7%
SSInverness
32.7%
RRWarrington
20.8%
NNCannock
7.9%
BBNewtownabbey
5.9%
PPChippenham
5%
GGBishopbriggs
4%

You're not logged in!

Compare scores with friends on all Sporcle quizzes.
Sign Up with Email
OR
Log In

You Might Also Like...

Show Comments

Extras

Top Quizzes Today


Score Distribution

Your Account Isn't Verified!

In order to create a playlist on Sporcle, you need to verify the email address you used during registration. Go to your Sporcle Settings to finish the process.